Bedtime tales for kids : Book III

Bibliographic Details
Corporate Author: Editorial Board
Format: Book
Published: Selangor : Penerbit Mega Setia Emas Sdn Bhd , 2006
Series:Self-access reading series
Subjects:

MARC

LEADER 00000cam a2200000 7i4500
001 0000005005
005 20220105104008.0
008 070730
020 |a 9831438299 
090 0 0 |a JP   |b FT ENG (5412) 
245 0 0 |a Bedtime tales for kids :   |b Book III   |c Editorial Board 
260 |a Selangor :   |b Penerbit Mega Setia Emas Sdn Bhd ,   |c 2006 
300 |a Vol.III 
440 0 |a Self-access reading series 
500 |a Children age 4-6 years old (yellow) 
650 0 |a Fairy tales 
650 0 |a Junior fiction   |x English   |x Languages 
710 0 |a Editorial Board 
999 |a 0000972076   |b Book   |c Children Collection   |e Cawangan Taman Universiti 
999 |a 0000972080   |b Book   |c Children Collection   |e Cawangan Taman Universiti 
999 |a 0000972082   |b Book   |c Children Collection   |e Cawangan Taman Universiti 
999 |a 0000977462   |b Book   |c Children Collection   |e Perbadanan Perpustakaan Awam Johor 
999 |a 0000977463   |b Book   |c Children Collection   |e Perbadanan Perpustakaan Awam Johor 
999 |a 0000977464   |b Book   |c Children Collection   |e Perbadanan Perpustakaan Awam Johor 
999 |a 0000977465   |b Book   |c Children Collection   |e Perbadanan Perpustakaan Awam Johor 
999 |a 0001050487   |b Book   |c Children Collection   |e Cawangan Bandar Penawar